| 000 | 01976njm a2200433 c 4500 | ||
|---|---|---|---|
| 003 | BLK | ||
| 005 | 20241005005451.0 | ||
| 008 | 180410b bul||n||s|||||||| n|bulo| | ||
| 010 | _aCDD00000724000 | ||
| 040 | _aBLK | ||
| 041 |
_aITA _cDEU |
||
| 080 |
_aОпера. Музикална драма. Романтична опера. Опера-приказка _b782.1 _x _z782.1 |
||
| 100 |
_aMozart, Wolfgang Amadeus _d1756 - 1791 _9386874 |
||
| 700 |
_aМоцарт, Волфганг Амадеус _d1756 - 1791 _9368558 |
||
| 700 | 1 |
_aRaimondi, Ruggero _eбас-баритон _922002 |
|
| 700 | 1 |
_aPopp, Lucia _eсопран _9353413 |
|
| 700 | 1 |
_aHendricks, Barbara _eсопран _9353424 |
|
| 700 | 1 |
_aVan Dam, Jose _eбас-баритон _9353869 |
|
| 700 | 1 |
_aBaltsa, Agnes _eмецосопран _94378 |
|
| 700 | 1 |
_aAmbrosian Opera Chorus _eизп. _9353870 |
|
| 700 | 1 |
_aAcademy of St Martin in the Fields _eизп. _9353871 |
|
| 700 | 1 |
_aBrown, Iona _eдиригент _9353872 |
|
| 139 |
_aМоцарт, Волфганг Амадеус _bМ 93 |
||
| 245 | 1 | 0 |
_aLe Nozze di Figaro [CD аудио] _bCD 1-3 _cWolfgang Amadeus Mozart; * Волфганг Амадеус Моцарт; бас-баритон Ruggero Raimondi; сопран Lucia Popp; сопран Barbara Hendricks; бас-баритон Jose Van Dam; мецосопран Agnes Baltsa; изп. Ambrosian Opera Chorus; изп. Academy of St Martin in the Fields; диригент Iona Brown. _nCD 3 _pAtto IV, Libretto _sK492 |
| 246 | 1 | 1 | _aThe Mariage of Figaro |
| 257 | _aDEU | ||
| 260 |
_аS. l. _bDECCA _c2002 |
||
| 300 |
_c12 cm. _fбр. в к-т _g1 CD |
||
| 380 | _a7 | ||
| 650 | 4 |
_aОпери _9165041 |
|
| 653 | _aОпера | ||
| 760 | 1 |
_aMozart, Wolfgang Amadeus _h41мин. 23сек. _tCD 3 Atto IV, Libretto |
|
| 852 |
_aЦб CD 2135 _p0 |
||
| 856 | 4 |
_qpdf _u |
|
| 856 | 4 |
_qpdf _u |
|
| 942 |
_cCDD _n0 |
||
| 944 |
_aCR _c23.04.2009 _k _lCRON CRON |
||
| 944 |
_aED _c23.04.2009 _k |
||
| 999 |
_c217311 _d217311 |
||